Movies Quiz

Random Movies or Actor Quiz

Actor A-Z: Drama Quiz Stats

Quiz Updated Mar 24, 2016

Also try: Actor A-Z: Action
Challenge
Share
Tweet
Embed
Score 0/25 Timer 04:00
4 Plays Today
Actor % Correct
E) Clint ________Eastwood
98.5%
H) Tom _____Hanks
98%
B) Alec _______Baldwin
97.5%
D) Daniel ___-LewisDay
97.2%
S) Sylvester ________Stallone
96.4%
P) Al ______Pacino
96.3%
J) Hugh _______Jackman
93.6%
N) Jack _________Nicholson
93.4%
M) Ewan _______McGregor
92.7%
K) Michael ______Keaton
91.4%
I) Jeremy _____Irons
87.7%
O) Peter ______O'Toole
85.8%
C) Don _______Cheadle
85.8%
Actor % Correct
F) Henry _____Fonda
82.4%
L) Ray ______Liotta
82.2%
R) Tim _______Robbins
81.6%
V) Jon ______Voight
81.6%
Z) Billy ____Zane
81.4%
G) Alec ________Guinness
73.3%
Q) Anthony _____Quinn
72.1%
A) F. Murray _______Abraham
62.8%
U) Peter _______Ustinov
46.5%
T) Miles ______Teller
44.2%
W) Sam _________Waterston
36.4%
Y) Gig _____Young
30.9%

You're not logged in!

Compare scores with friends on all Sporcle quizzes.
Sign Up with Email
OR
Log In

You Might Also Like...

Show Comments

Extras

Top Quizzes Today


Score Distribution

Your Account Isn't Verified!

In order to create a playlist on Sporcle, you need to verify the email address you used during registration. Go to your Sporcle Settings to finish the process.